MDQL
is popping MORE tags! Check the
thread
!
Quizzes
Events
Quiz Creation
Community
Videos
Private Events
Remove Ads
Sign In
Join for FREE
Feedback
Dark Mode
Quiz Categories
Sports
Geography
Music
Movies
Television
Just For Fun
Miscellaneous
History
Literature
Language
Science
Gaming
Entertainment
Religion
Holiday
For Kids
Quiz Lab
Recent
Popular Today
Quiz Kudos Today
Editor Picks
Curator Picks
Quizzes by...
Day
Popularity
Type
Ratings
Length
Year
Community
Subscriptions
Recent Discussions
Orange Saloon
Badges
Playlists
Quests
Create
Leaderboards
Showdown
Live 5
Trivia Bingo
Activity
Puzzle Library
Sporcle Events
Private Events
Virtual Trivia
Globe League
Become a Host
Pub Owners
SporcleCon
Opinionation
Our Games
Videos
Blog
Mobile Apps
Partnerships
Remove Ads and Go Orange
Feedback
Literature
Harry Potter
A Song of Ice and Fire
The Hunger Games
Literary Character
Shakespeare
Book
Author
Novel
Poem
Young Adult
Children's Books
Play
Lord of the Rings
Literature
Harry Potter
A Song of Ice and Fire
The Hunger Games
Literary Character
Shakespeare
Book
Author
Novel
Poem
Young Adult
Children's Books
Play
Lord of the Rings
Random Quiz
Search Sporcle
×
Quiz Lab
Quiz Lab
Literature
Book
Type in answers that appear in a list
Type in answers that appear in a list
Classic
Best Score? Go Orange.
The Hidden Passage Stats
Can you name the The Hidden Passage with no hints?
By
Sawbladekj77
20m
162 Questions
40 Plays
40 Plays
40 Plays
Comments
Comments
Give Quiz Kudos
Give Quiz Kudos
-
- Ratings
hide this ad
Replay
Link that replays current quiz
Next Quiz
Link to next quiz in quiz playlist
You Got
0%
They Got
Avg Score
45%
Avg Friend Score
Upgrade to see
Score Distribution
Jump to the score distribution portion of the page
Score
0/162
Timer
20:00
0
Plays Today
Word
% Correct
the
100%
and
100%
the
100%
and
100%
the
100%
the
100%
the
100%
the
100%
the
100%
The
100%
the
100%
and
100%
the
100%
the
100%
a
100%
the
100%
and
100%
and
100%
I
92.5%
I
92.5%
I
92.5%
an
90%
to
85%
to
85%
to
85%
to
85%
to
85%
to
85%
to
85%
to
85%
to
85%
to
85%
in
82.5%
is
82.5%
is
82.5%
is
82.5%
it
80%
you
80%
It
80%
for
77.5%
they
77.5%
for
77.5%
what
75%
that
72.5%
that
72.5%
that
72.5%
of
72.5%
if
72.5%
can
72.5%
that
72.5%
of
72.5%
are
70%
me
67.5%
But
67.5%
Word
% Correct
but
67.5%
was
65%
see
65%
have
62.5%
them
62.5%
It's
60%
way.
60%
It's
60%
way
60%
way
60%
It's
60%
from
60%
time
57.5%
their
57.5%
their
57.5%
their
57.5%
or
55%
this
50%
some
50%
going
50%
going
50%
by
50%
this
50%
always
47.5%
always
47.5%
think
47.5%
think
47.5%
only
47.5%
has
45%
over
45%
don't
45%
any
45%
had
40%
had
40%
back
40%
out
40%
back
40%
need
35%
these
35%
about
35%
about
35%
because
32.5%
reason
30%
off
30%
something
30%
That's
30%
Thats
30%
let
27.5%
makes
27.5%
someone
22.5%
wants
22.5%
hearts
22.5%
End
22.5%
talking
20%
Word
% Correct
top
15%
top
15%
fall
15%
story.
15%
funny
12.5%
interesting
12.5%
fly.
12.5%
letting
12.5%
fly
12.5%
start
10%
rise
10%
Guys
7.5%
bring
7.5%
edge
7.5%
guys
7.5%
era
5%
era.
5%
creating
5%
different
5%
bringing
5%
era.
5%
cream
5%
cheese
5%
wayside
5%
brains.
5%
exciting
5%
aint
5%
attitude
2.5%
named
2.5%
gals
2.5%
business
2.5%
attitude.
2.5%
cutting
2.5%
hook
2.5%
promos
2.5%
label
2.5%
attitude
2.5%
reference
2.5%
WWE
2.5%
extreme
2.5%
attitudes.
2.5%
answer
2.5%
attitude
2.5%
cats
2.5%
Kick
2.5%
nest
2.5%
survive.
2.5%
weak
2.5%
competitive
2.5%
environment.
2.5%
product.
2.5%
guts
2.5%
TV.
2.5%
attitude.
2.5%
Quiz Playlist
Details
Report
Send in Message
Add To Playlist
Classic:
Type in answers that appear in a list
Last Updated: Feb 16, 2017
Quiz Scoreboard
CHALLENGE
Sign Up to Join the Scoreboard
Show All
Scores
Hide
Comments
May contain spoilers
Recently Published
1-10 Letter E Words III
by El_Dandy
Language
2m
Street Fighter Characters
by Artimus82
Gaming
60s
College Basketball Coaching Resumes
by pancakes188
Sports
9m
More to Explore
Quiz From the Vault
Featured Blog Post
Where Did the Easter Bunny Come From?
hide this ad
You Might Also Like...
Tags
Book Quiz
hidden
Hidden Words
hint
passage
secret
Today's Top Quizzes in Literature
Browse Literature
hide this ad
Today's Top Quizzes in Book
Browse Book
Top Contributed Quizzes in Literature
1
Sneaky Slytherin Logic Puzzle
2
Get The Picture: Black or White Literature
3
5-to-1: Plays
4
One Thing in Common: Literature
5
A Court of Thorns and Roses (ACoTaR) Logic Puzzle
6
One Thing in Common: Literature II
7
One Thing in Common: Books
8
One Thing in Common: Literature 3
9
'Middle' Earth
10
One Thing in Common: Books II
Explore More
Trending Topics
Kpop
Disney
NBA
Anime
Harry Potter
Crossword
Marvel
Song
Soccer
WWE
Puzzle
Pokémon
Country
NFL
The Office
hide this ad
More By:
Sawbladekj77
Quiz
Plays
Rating
Category
Featured
Created
Band Names: Real or Fake
51,702
4.31
Music
Apr 11, 2012
Final Destination Deaths
3,355
5.00
Movies
Apr 18, 2012
WWE Word Scramble
2,952
4.14
Sports
Dec 19, 2010
Titanic Facts
2,339
3.75
History
Apr 16, 2012
Guess the Skillet Lyrics
1,806
2.86
Music
Mar 5, 2011
Go to Creator's Profile
Score Distribution
Quiz Creator Spotlight
Sawbladekj77
Follow
Send a Message
Quizzes Created
-
Created Quiz Play Count
-
More By This Creator
Popular Quizzes Today
1
Find the US States - No Outlines Minefield
2
Find the Countries of Europe - No Outlines Minefield
3
The Countries of the World
4
Find the US States
5
Risky Map Clicking: Biggest States A-Z
6
US States
7
Popular People in 1961
8
Movies - When Are They Set?
More Literature Quizzes
Harry Potter Places
Editor's Pick
Trending Quizzes
Risky Map Clicking: Least Populous States A-Z
USA Borders Longest to Shortest
1-10 Letter G Words
1-10 Letter F Words
Countries of the World: 200 Million BC
Recently Updated
Leaping Animals
pecheneg
Reality TV Shows (A-Z)
bhenderson79
Rickey Henderson's Hall of Fame Teammates
pecheneg
Champions League XIs: Arsenal
pecheneg
Quick Pick: Celebrities in WWE's Hall of Fame
aduchscher
A-Z Keypad Blitz II
pecheneg
Multiple Oscar Actors
pecheneg
Mystery Phrase Blitz: Oscar 'Best Actors'
pecheneg
F. Scott Fitzgerald Novels
LTH
Pick 3 Villains
ddd62291
Trending Topics
Harry Potter
NBA
Kpop
Marvel
Crossword
Anime
Disney
Puzzle
The Office
NFL
Song
Country
WWE
Soccer
Pokémon
Your Account Isn't Verified!
In order to create a playlist on Sporcle, you need to verify the email address you used during registration. Go to your
Sporcle Settings
to finish the process.
Report this User
Report this user for behavior that violates our
Community Guidelines
.
Details:
Send Report
Go to the Sporcle.com Mobile Site →
Comments